000 00649nam a22002417a 4500
003 UA-OsUOA
001 77606
007 ta
008 20110919b un ||||| |||| 00| 0 ukr d
100 _aНедошивин Г.А.
700 _aПетрова О.Н.
090 _a7.03(100)
_bН42
942 _cBK
040 _aUA-OsUOA
_brus
_cUA-OsUOA
_dUA-OsUOA
245 _aСто встреч в мире искусства
300 _a112 с.
955 _a4
041 _arus
080 _a7.03(100)
260 _aМ.
_bМол. Гвардия
_c1980
650 7 _a7.0 Загальні питання мистецтва
_2UDC
999 _c363149
_d363149